Common heritage or common burden?: the United States position on the development of a regime for deap sea-bed mining in the Law of the Sea Convention (Record no. 160)
[ view plain ]
| 000 -LEADER | |
|---|---|
| fixed length control field | 00891nam a2200193 a 4500 |
| 008 - FIXED-LENGTH DATA ELEMENTS--GENERAL INFORMATION | |
| fixed length control field | 120712s1989 ||||||||||||||||| || u |
| 020 ## - INTERNATIONAL STANDARD BOOK NUMBER | |
| International Standard Book Number | 0198252277 |
| 050 ## - LIBRARY OF CONGRESS CALL NUMBER | |
| Classification number | KJ 651 Sch |
| 100 ## - MAIN ENTRY--PERSONAL NAME | |
| Personal name | Schmidt, Markus G |
| 245 10 - TITLE STATEMENT | |
| Title | Common heritage or common burden?: the United States position on the development of a regime for deap sea-bed mining in the Law of the Sea Convention |
| Statement of responsibility, etc. | Markus G. Schmidt |
| 260 ## - PUBLICATION, DISTRIBUTION, ETC. | |
| Place of publication, distribution, etc. | Oxford |
| Name of publisher, distributor, etc. | Clarendon |
| Date of publication, distribution, etc. | 1989 |
| 300 ## - PHYSICAL DESCRIPTION | |
| Extent | xvi, 366p. |
| 500 ## - GENERAL NOTE | |
| General note | Bibliography |
| 650 ## - SUBJECT ADDED ENTRY--TOPICAL TERM | |
| Topical term or geographic name entry element | OCEAN BOTTOM--LAW AND LEGISLATION |
| 650 ## - SUBJECT ADDED ENTRY--TOPICAL TERM | |
| Topical term or geographic name entry element | OCEAN MINING--LAW AND LEGISLATION--UNITED STATES |
| 650 ## - SUBJECT ADDED ENTRY--TOPICAL TERM | |
| Topical term or geographic name entry element | COMMON HERITAGE OF MANKIND (INTERNATIONAL LAW) |
| 650 ## - SUBJECT ADDED ENTRY--TOPICAL TERM | |
| Topical term or geographic name entry element | MARINE RESOURCE CONSERVATION--LAW AND LEGISLATION--UNITED STATES |
| 995 ## - | |
| -- | SPECIAL COLLECTIONS |
| -- | 500083 |
| -- | CBU-DAG HAMMARSKJOLD INSTITUTE LIBRARY |
| -- | DAG KJ 651 Sch |
| -- | 1 |
| -- | AVAILABLE |
| -- | Aug 27, 2012 |
| -- | 500083 |
| -- | DHIPS Book Collection |
| 999 ## - | |
| -- | 160 |
| -- | 160 |
| Withdrawn status | Lost status | Source of classification or shelving scheme | Damaged status | Not for loan | Permanent Location | Current Location | Shelving location | Date acquired | Total Checkouts | Full call number | Barcode | Date last seen | Price effective from | Koha item type |
|---|---|---|---|---|---|---|---|---|---|---|---|---|---|---|
| CBU-DAG HAMMARSKJOLD INSTITUTE | CBU-DAG HAMMARSKJOLD INSTITUTE | 11/28/2022 | KJ 651 Sch | 500083 | 11/28/2022 | 11/28/2022 | MONOGRAPH |